00668nam a2200121Ia 4500008004100000020001800041100008800059245018000147260002700327650012600354650002200480856004400502171212s9999 xx 000 0 und d a9780833038654 aCarroll, Stephen J.;LaTourrette, Tom;Chow, Brian G.;Jones, Gregory S.;Martin, Craig cCarroll, Stephen J.;LaTourrette, Tom;Chow, Brian G.;Jones, Gregory S.;Martin, CraigaDistribution of Losses From Large Terrorist Attacks Under the Terrorism Risk Insurance Act bRAND Corporationc2005 aInsurance, Casualty -- Law and legislation -- United States; Risk management -- United States; Terrorism -- United States aPolitical Science uwww.jstor.org/stable/10.7249/mg427ctrmp